000
00303nam a2200145Ia 4500
100
_a
Groover/Mikell P
942
_c
BK
654
_a
Robotics
245
_a
Industrial Robotics
260
_b
Mc Graw Hill
_a
Bombay
_c
1986
082
_a
629.892
_b
GEE
300
_a
546
546
_a
ENGLISH
999
_c
24677
_d
24677